000 00506nam a22001697a 4500
005 20241002065116.0
008 241002b |||||||| |||| 00| 0 eng d
020 _a409005959
041 _aEnglish
082 _a348 SOU
100 _lEnglish
245 _aThe South African Encyclopaedia of Forms and Precedents /
260 _aDurban:
_bButterworth and Company Ltd,
_c1976
300 _bxxxii, 187 pages;
_c26 cm.
650 _aLegal practice
_bLaw
942 _cBK
_6ALISON_BN_VRIES
999 _c3185
_d3185